00650 2200217 4500001002100000005001500021007000300036008003900039022001300078035002000091082001000111084001600121100002000137245012300157260003700280300004100317650001100358650002600369650001700395650002000412INLIS00000000000142820250724083528ta250724 | | |  a17551315 a0010-0725000020 a628.1 a628.1 DHA p0 aDharmawati, N D1 aPotential rainwater availability and crop water requirement of oil palm crops due to climate change /cDharmawati, N D aBristol :bIOP Publishing,c2025 a1-12 hlm, :bIlus ;c21 cm x 29,7 cm 4aJurnal 4akebutuhan air tanaman 4akelapa sawit 4aperubahan iklim